[Event "AUTO-INT-1303"]
[Site "http://www.queenalice.com/game.php?id=664347"]
[Date "2009.10.8"]
[Round "2"]
[White "JAmaro"]
[Black "Romanov"]
[Result "1-0"]
[WhiteElo "1823"]
[BlackElo "1668"]

1. d4 d5 2. Nc3 Nf6 3. Nf3 Nc6 4. b3 g6 5. Bf4 Bg7 6. g3 Bg4 7. h3 Bxf3 8. exf3
O-O 9. g4 h6 10. Bd3 Nb4 11. g5 hxg5 12. Bxg5 Nxd3+ 13. Qxd3 c6 14. Bxf6 exf6
15. h4 b5 16. O-O-O b4 17. Ne2 a5 18. h5 g5 19. h6 Bxh6 20. Rxh6 f5 21. Qxf5 Qf6
22. Qh7# 1-0

[Event "AUTO-INT-1303"]
[Site "http://www.queenalice.com/game.php?id=664348"]
[Date "2009.10.8"]
[Round "2"]
[White "Romanov"]
[Black "donnybaby"]
[Result "0-1"]
[WhiteElo "1713"]
[BlackElo "2057"]

1. d4 e6 2. a3 c6 3. Nf3 d6 4. g3 Nd7 5. Bg2 d5 6. Bf4 h6 7. Nc3 g5 8. Bd2 Bg7
9. b4 g4 10. Nh4 Bf6 0-1

[Event "AUTO-INT-1303"]
[Site "http://www.queenalice.com/game.php?id=664349"]
[Date "2009.10.8"]
[Round "2"]
[White "donnybaby"]
[Black "Romanov"]
[Result "1-0"]
[WhiteElo "2066"]
[BlackElo "1687"]

1. e3 e5 2. c3 Nf6 3. d3 g6 4. e4 Bg7 5. Bg5 h6 6. Bxf6 Bxf6 7. Na3 a6 8. g3 Nc6
9. Ne2 g5 10. Nc4 b5 11. Ne3 1-0

[Event "AUTO-INT-1303"]
[Site "http://www.queenalice.com/game.php?id=664350"]
[Date "2009.10.8"]
[Round "2"]
[White "Romanov"]
[Black "chess_wizard"]
[Result "0-1"]
[WhiteElo "1595"]
[BlackElo "1864"]

1. d4 d5 2. h3 Nc6 3. Nf3 Nf6 4. Nc3 e6 5. g4 Be7 6. g5 Nd7 7. Bg2 a6 8. h4 Nb6
9. a3 Bd7 10. b4 O-O 11. h5 Re8 12. g6 Nc4 13. Qd3 Bf6 14. gxh7+ Kh8 15. h6 g6
16. Ng5 Bxg5 17. Qf3 Qf6 18. Bxg5 Qxg5 19. Rd1 f5 20. Qg3 Qxg3 21. fxg3 Kxh7 22.
a4 Nxb4 23. Rc1 Ne3 24. Bf3 Nexc2+ 25. Kf2 Nxd4 26. e3 Nxf3 27. Kxf3 Rac8 28. g4
fxg4+ 29. Kxg4 Rf8 30. Ne2 Nd3 31. Rcf1 e5+ 0-1

[Event "AUTO-INT-1303"]
[Site "http://www.queenalice.com/game.php?id=664351"]
[Date "2009.10.8"]
[Round "2"]
[White "chess_wizard"]
[Black "Romanov"]
[Result "1-0"]
[WhiteElo "1858"]
[BlackElo "1601"]

1. e4 e5 2. Bc4 h6 3. Nf3 d6 4. O-O g5 5. Nc3 c6 6. h3 g4 7. Nh2 h5 8. d3 Nf6 9.
a3 b5 10. Ba2 gxh3 11. g3 h4 12. Bg5 hxg3 13. fxg3 Bg7 14. Qf3 Nbd7 15. Rf2 Bb7
16. Ng4 Qe7 17. Nxf6+ Bxf6 18. Bxf6 Nxf6 19. Qxf6 h2+ 20. Kh1 Qxf6 21. Rxf6
O-O-O 22. Rxf7 Rdg8 23. Ne2 d5 24. Kg2 Rg6 25. Rh1 Rgh6 26. Nc3 dxe4 27. Nxe4 c5
28. Be6+ Rxe6 29. Rxh2 Rxh2+ 30. Kxh2 Bxe4 31. dxe4 Rd6 32. Kg2 1-0

[Event "AUTO-INT-1335"]
[Site "http://www.queenalice.com/game.php?id=686064"]
[Date "2009.11.20"]
[Round "2"]
[White "jck2"]
[Black "Romanov"]
[Result "1-0"]
[WhiteElo "2174"]
[BlackElo "1625"]

1. Nf3 d5 2. d4 Nc6 3. e3 a6 4. c4 e6 5. Nc3 Nf6 6. a3 g6 7. Bd3 Bg7 8. O-O h6
9. cxd5 exd5 10. Re1 g5 11. h3 b5 12. b4 Bb7 13. Bb2 Bc8 14. e4 g4 15. exd5+ Ne7
16. Ne5 gxh3 17. Nc6 Qd6 18. Nxe7 Kd7 19. Bf5+ Ke8 20. Nxc8+ Kf8 21. Nxd6 cxd6
22. Bxh3 Kg8 23. Re7 Re8 24. Rxe8+ Nxe8 25. Qg4 Nf6 26. Qc8+ Bf8 27. Qxa6 Rh7
28. Nxb5 Ne4 29. Bf5 1-0

[Event "AUTO-INT-1335"]
[Site "http://www.queenalice.com/game.php?id=686065"]
[Date "2009.11.20"]
[Round "2"]
[White "Romanov"]
[Black "jck2"]
[Result "0-1"]
[WhiteElo "1627"]
[BlackElo "2157"]

1. d4 d5 2. Nf3 Nf6 3. g3 Bg4 4. Bg2 g6 5. h3 Bf5 6. g4 Be4 7. g5 Nh5 8. Nbd2
Bf5 9. b3 Nf4 10. Rh2 Nxg2+ 11. Kf1 Nf4 12. e3 Nh5 13. Bb2 Bg7 14. Nh4 Qd6 15.
Rg2 Bxh3 16. Qf3 Bxg2+ 17. Qxg2 Nd7 18. Ke2 e5 19. Rf1 O-O 20. Ndf3 e4 21. Nd2
c5 22. c4 cxd4 23. Bxd4 Bxd4 24. exd4 Nf4+ 25. Ke1 Nxg2+ 26. Kd1 Nxh4 0-1

[Event "AUTO-ADV-1410"]
[Site "http://www.queenalice.com/game.php?id=686949"]
[Date "2009.11.22"]
[Round "2"]
[White "Romanov"]
[Black "Aguinaldo"]
[Result "0-1"]
[WhiteElo "1559"]
[BlackElo "1748"]

1. d4 e6 2. d5 exd5 3. Qxd5 c6 4. Qf3 Nf6 5. Bg5 Be7 6. Bxf6 Bxf6 7. Nc3 O-O 8.
g4 d5 9. h4 Bxh4 10. Nh3 Bf6 11. g5 Bxc3+ 12. bxc3 Bxh3 13. Bxh3 Qxg5 14. Qd3 g6
15. e3 Na6 16. O-O-O Nc5 17. Qd4 Ne4 18. Rh2 b6 19. Rg2 Qf6 20. Qxf6 Nxf6 21. f4
Rae8 22. Re1 Nh5 23. Rge2 Ng3 24. Rg2 Ne4 25. Bd7 Re7 26. Bxc6 Nxc3 27. Kd2 Ne4+
28. Kd1 Nc3+ 29. Kd2 Nxa2 30. Bxd5 Rd8 31. e4 Nb4 0-1

[Event "AUTO-ADV-1410"]
[Site "http://www.queenalice.com/game.php?id=686950"]
[Date "2009.11.22"]
[Round "2"]
[White "Aguinaldo"]
[Black "Romanov"]
[Result "1-0"]
[WhiteElo "1799"]
[BlackElo "1718"]

1. e4 e5 2. Nf3 Qf6 3. d3 h6 4. Be2 d6 5. Nc3 c6 6. Be3 b5 7. Qd2 b4 8. Nd1 a5
9. d4 g6 10. dxe5 dxe5 11. O-O g5 12. c3 g4 13. Ne1 h5 14. g3 h4 15. Bg5 Qg6 16.
Qd8# 1-0

[Event "AUTO-ADV-1410"]
[Site "http://www.queenalice.com/game.php?id=686951"]
[Date "2009.11.22"]
[Round "2"]
[White "Romanov"]
[Black "arvo1938"]
[Result "0-1"]
[WhiteElo "1647"]
[BlackElo "2162"]

1. d4 Nf6 2. Nf3 d5 3. b3 c5 4. e3 Bg4 5. h3 Bf5 6. Bb5+ Bd7 7. Bxd7+ Nfxd7 8.
Ba3 e6 9. Nc3 Qa5 10. Bb2 cxd4 11. exd4 Bb4 12. Qd3 O-O 13. Ng5 g6 14. h4 Nf6
15. a3 Be7 16. f3 Nc6 17. b4 Qc7 18. h5 Nxh5 19. Qe3 Qg3+ 20. Kd1 Bxg5 21. Qg1
Nf4 22. Ne2 Nxe2 23. Kxe2 Qf4 24. Rd1 Rfc8 25. g3 Qc7 26. Qh2 h5 0-1

[Event "AUTO-ADV-1410"]
[Site "http://www.queenalice.com/game.php?id=686952"]
[Date "2009.11.22"]
[Round "2"]
[White "arvo1938"]
[Black "Romanov"]
[Result "1-0"]
[WhiteElo "2161"]
[BlackElo "1658"]

1. d4 d5 2. c4 dxc4 3. Nf3 h6 4. e4 b5 5. Nc3 a6 6. a4 Bb7 7. axb5 axb5 8. Rxa8
Bxa8 9. Nxb5 Bxe4 10. Bxc4 Bxf3 11. Qxf3 Nf6 12. Qb7 c6 13. Nc7+ Kd7 14. Ne6+
Ke8 15. Nxd8 Kxd8 16. Qxb8+ Kd7 17. Bf4 e6 18. Qc7+ Ke8 19. Qxc6+ Nd7 20. Bb5
Ke7 21. Qxd7+ Kf6 22. Be5+ Kg6 23. Bd3+ f5 24. Qe8+ Kg5 25. h4+ Kg4 26. f3# 1-0

[Event "AUTO-INT-1387"]
[Site "http://www.queenalice.com/game.php?id=695099"]
[Date "2009.12.9"]
[Round "2"]
[White "Romanov"]
[Black "danbots5k"]
[Result "0-1"]
[WhiteElo "1649"]
[BlackElo "2345"]

1. d4 Nf6 2. d5 e5 3. g3 Bc5 4. e3 d6 5. a3 O-O 6. h3 Nbd7 7. b3 e4 8. b4 Bb6 9.
Bb2 a5 10. c4 Qe7 11. Bg2 Ne5 12. Nd2 Nd3+ 13. Ke2 Nxb2 14. Qc2 Nd3 15. Nxe4
Nxe4 16. Qxd3 Bf5 17. Qb3 a4 18. Qb2 Nxf2 19. Kxf2 Qxe3+ 20. Kf1 Bd3+ 21. Ne2
Qf2# 0-1

[Event "AUTO-INT-1387"]
[Site "http://www.queenalice.com/game.php?id=695100"]
[Date "2009.12.9"]
[Round "2"]
[White "danbots5k"]
[Black "Romanov"]
[Result "1-0"]
[WhiteElo "2280"]
[BlackElo "1603"]

1. Nf3 d5 2. d4 g6 3. c4 Bg7 4. cxd5 Qxd5 5. Nc3 Qd7 6. e3 b6 7. Bb5 c6 8. Bc4
b5 9. Be2 b4 10. Na4 a5 11. Nb6 Qa7 12. Nxc8 Qb7 13. Nxe7 Qxe7 14. Qa4 Nf6 15.
Ne5 O-O 16. O-O Nd5 17. Nxc6 Qe4 18. Bf3 Qh4 19. Bxd5 Nxc6 20. Bxc6 Rac8 21. Bd2
Bf6 22. Rac1 Bd8 23. a3 Bc7 24. g3 Qh5 25. Bd7 Rb8 26. Rxc7 Rb6 27. Qd1 Qxd1 28.
Rxd1 bxa3 29. bxa3 1-0

[Event "AUTO-INT-1387"]
[Site "http://www.queenalice.com/game.php?id=695101"]
[Date "2009.12.9"]
[Round "2"]
[White "Romanov"]
[Black "robinud"]
[Result "0-1"]
[WhiteElo "1623"]
[BlackElo "1765"]

1. d4 d5 2. Nf3 g6 3. b3 Bg7 4. Bb2 Nc6 5. g3 Nf6 6. h3 Be6 7. g4 O-O 8. g5 Ne4
9. h4 f6 10. Nbd2 Nd6 11. h5 fxg5 12. Nxg5 Bg4 13. f3 Bxh5 14. Bh3 Nxd4 15. c3
N4f5 16. Bxf5 Rxf5 17. Rg1 e5 18. Nh3 Qh4+ 19. Nf2 e4 20. Qc2 e3 21. Rf1 exf2+
22. Rxf2 Re8 23. O-O-O Qxf2 24. Kb1 Rxe2 25. Qd3 Bh6 26. Bc1 Bxf3 0-1

[Event "AUTO-INT-1387"]
[Site "http://www.queenalice.com/game.php?id=695102"]
[Date "2009.12.9"]
[Round "2"]
[White "robinud"]
[Black "Romanov"]
[Result "1-0"]
[WhiteElo "1775"]
[BlackElo "1613"]

1. e4 d5 2. exd5 Qxd5 3. Nc3 Qe6+ 4. Be2 c6 5. Nf3 h6 6. Nd4 Qg6 7. g3 Bh3 8. b3
c5 9. Ndb5 Na6 10. Nd5 Qc6 11. c4 Bg2 12. Rg1 Bxd5 13. d3 Nc7 14. Nxc7+ Qxc7 15.
cxd5 g6 16. Bb2 Nf6 17. Bxf6 exf6 18. Bf3 Bg7 19. Rc1 Qa5+ 20. Qd2 Qxd2+ 21.
Kxd2 O-O 22. Rxc5 b6 23. Rb5 Rfe8 24. Re1 Rxe1 25. Kxe1 Re8+ 26. Kd2 f5 27. d6
Rd8 28. Rd5 1-0

[Event "AUTO-INT-1334"]
[Site "http://www.queenalice.com/game.php?id=709284"]
[Date "2010.1.6"]
[Round "2"]
[White "Romanov"]
[Black "jck2"]
[Result "0-1"]
[WhiteElo "1561"]
[BlackElo "2187"]

1. d4 d5 2. Nc3 Nf6 3. g3 Nc6 4. Bg2 Bg4 5. h3 Bf5 6. g4 Bg6 7. f3 Nb4 8. e4 e6
9. a3 Nc6 10. Bf1 Bd6 11. h4 Bg3+ 12. Ke2 dxe4 13. Be3 h6 14. g5 hxg5 15. Bg2
exf3+ 0-1

[Event "AUTO-INT-1334"]
[Site "http://www.queenalice.com/game.php?id=709285"]
[Date "2010.1.6"]
[Round "2"]
[White "jck2"]
[Black "Romanov"]
[Result "1-0"]
[WhiteElo "2186"]
[BlackElo "1563"]

1. c4 d5 2. e3 e6 3. d4 Nf6 4. Nc3 b6 5. Nf3 h6 6. a3 g6 7. Bd3 Bb7 8. cxd5 exd5
9. O-O Bg7 10. Re1 Nbd7 11. Bb5 c6 12. Bd3 a5 13. e4 O-O 14. e5 Ng4 15. h3 b5
16. hxg4 1-0